Les vainqueurs du Tournoi des six nations en 20 secondes - Statistiques

Statistiques générales
  • Ce quiz a été pris 209 fois
  • Le résultat moyen est 5 sur 5
Statistiques - réponses
Nombre de titre Pays % Correct
36 titres France
99%
46 titres Angleterre
97%
15 titres Ecosse
97%
22 titres Irlande
95%
43 titres Pays de Galles
92%
Aucun quiz correspondant
Distribution des résultats
% des personnes avec chaque résultat
Percentile par nombre de réponses
Votre historique - résultats
Vous n’avez pas pris ce quiz